000 00903nam a2200289 i 4500
003 EG-GICUC
005 20260427132928.0
008 260427s1960 -us |fr|||| 001 0 eng d
040 _aEG-GiCUC
_beng
_cEG-GiCUC
_dEG-GiCUC
_erda
041 0 _aeng
082 0 4 _221
_a343.85
_bAB . P
092 0 4 _221
099 _aLaw1 10 343.85 AB . P 1960
100 1 _aAbrahamsen, David
_eAuthor.
245 1 4 _aThe Psychology of Crime /
_cBy David Abrahamsen, M.d.
264 3 _aNew York :
_bColumbia University Press,
_c1960.
300 _a358 pages,
_c24 cm
336 _2rda content
_atext
337 _2rda media
_aComputer
338 _2rda carrier
_aOnline Resource
504 _aIncludes bibliographical references and index.
546 _aText in English
650 1 _aCriminal law
856 4 0 _uhttps://fll.law.cu.edu.eg/fulltext/bks/B10-11901.pdf
905 _a48
942 _2ddc
_n0
_cBK
_e21
999 _c73701
_d73701